[Event "US Cadet Championship Blitz"]
[Site "Manchester, NH"]
[Date "2017.08.17"]
[Round "5.4"]
[White "Kim, Yoon-Young"]
[Black "Nguyen, Emily"]
[Result "1-0"]
[BlackElo "2110"]
[WhiteElo "2293"]
[LiveChessVersion "1.4.8"]

1. d4 {[%clk 0:05:02]} d5 {[%clk 0:05:03]} 2. c4 {[%clk 0:05:03]} c6
{[%clk 0:05:05]} 3. Nf3 {[%clk 0:05:05]} Nf6 {[%clk 0:05:06]} 4. Nbd2
{[%clk 0:05:02]} Bf5 {[%clk 0:04:45]} 5. g3 {[%clk 0:05:02]} e6 {[%clk 0:04:19]}
6. Bg2 {[%clk 0:05:03]} Be7 {[%clk 0:04:20]} 7. O-O {[%clk 0:05:04]} h6
{[%clk 0:04:18]} 8. b3 {[%clk 0:04:53]} O-O {[%clk 0:04:16]} 9. Bb2
{[%clk 0:04:54]} Nbd7 {[%clk 0:04:17]} 10. Re1 {[%clk 0:04:52]} Ne4
{[%clk 0:04:15]} 11. Nxe4 {[%clk 0:04:33]} Bxe4 {[%clk 0:04:13]} 12. Bh3
{[%clk 0:04:26]} Nf6 {[%clk 0:03:44]} 13. Nd2 {[%clk 0:04:13]} Bh7
{[%clk 0:03:43]} 14. a3 {[%clk 0:04:13]} a5 {[%clk 0:03:35]} 15. Bg2
{[%clk 0:04:13]} Qc7 {[%clk 0:03:16]} 16. Rc1 {[%clk 0:04:13]} Rad8
{[%clk 0:02:51]} 17. e3 {[%clk 0:04:10]} Ne4 {[%clk 0:02:39]} 18. Nxe4
{[%clk 0:04:05]} Bxe4 {[%clk 0:02:21]} 19. Bxe4 {[%clk 0:04:06]} dxe4
{[%clk 0:02:21]} 20. Qg4 {[%clk 0:03:54]} f5 {[%clk 0:02:18]} 21. Qg6
{[%clk 0:03:50]} Bf6 {[%clk 0:02:10]} 22. Bc3 {[%clk 0:03:14]} c5
{[%clk 0:01:54]} 23. Red1 {[%clk 0:02:52]} b6 {[%clk 0:01:27]} 24. b4
{[%clk 0:02:24]} axb4 {[%clk 0:01:25]} 25. axb4 {[%clk 0:02:25]} Qf7
{[%clk 0:01:18]} 26. Qxf7+ {[%clk 0:02:17]} Rxf7 {[%clk 0:01:12]} 27. bxc5
{[%clk 0:01:58]} bxc5 {[%clk 0:01:12]} 28. Ba5 {[%clk 0:01:58]} Ra8
{[%clk 0:01:08]} 29. Bb6 {[%clk 0:01:59]} cxd4 {[%clk 0:01:07]} 30. exd4
{[%clk 0:02:00]} Bg5 {[%clk 0:00:48]} 31. Rc2 {[%clk 0:01:54]} f4
{[%clk 0:00:30]} 32. gxf4 {[%clk 0:01:47]} Rxf4 {[%clk 0:00:24]} 33. c5
{[%clk 0:01:48]} Rff8 {[%clk 0:00:17]} 34. c6 {[%clk 0:01:39]} e3
{[%clk 0:00:18]} 35. fxe3 {[%clk 0:01:30]} Bxe3+ {[%clk 0:00:18]} 36. Kg2
{[%clk 0:01:27]} e5 {[%clk 0:00:11]} 37. c7 {[%clk 0:01:19]} exd4
{[%clk 0:00:07]} 38. Bxd4 {[%clk 0:00:32]} Bxd4 {[%clk 0:00:07]} 39. Rxd4
{[%clk 0:00:33]} Rac8 {[%clk 0:00:08]} 40. Kg3 {[%clk 0:00:26]} Kh7
{[%clk 0:00:04]} 41. Kg4 {[%clk 0:00:25]} Kg6 {[%clk 0:00:00]} 42. h4
{[%clk 0:00:25]} Kh7 {[%clk 0:00:00]} 43. Rd6 {[%clk 0:00:25]} Rfe8
{[%clk 0:00:00]} 44. Rd7 {[%clk 0:00:25]} Rf8 {[%clk 0:00:00]} 45. Re2
{[%clk 0:00:25]} 1-0

[Event "US Cadet Championship Blitz"]
[Site "Manchester, NH"]
[Date "2017.08.17"]
[Round "5.5"]
[White "Huang, Andy"]
[Black "Titus, Andrew"]
[Result "0-1"]
[BlackElo "2131"]
[WhiteElo "2178"]
[LiveChessVersion "1.4.8"]

1. e4 {[%clk 0:05:00]} c5 {[%clk 0:05:03]} 2. Nf3 {[%clk 0:05:01]} d6
{[%clk 0:05:04]} 3. d4 {[%clk 0:05:02]} cxd4 {[%clk 0:05:05]} 4. Nxd4
{[%clk 0:05:03]} Nf6 {[%clk 0:05:05]} 5. Nc3 {[%clk 0:05:03]} a6 {[%clk 0:05:07]}
6. Bg5 {[%clk 0:05:02]} e6 {[%clk 0:05:08]} 7. f4 {[%clk 0:05:02]} Be7
{[%clk 0:05:08]} 8. Qf3 {[%clk 0:05:02]} Qc7 {[%clk 0:05:09]} 9. O-O-O
{[%clk 0:05:01]} Nbd7 {[%clk 0:05:08]} 10. g4 {[%clk 0:04:40]} h6
{[%clk 0:05:09]} 11. Bh4 {[%clk 0:04:39]} g5 {[%clk 0:05:05]} 12. Bf2
{[%clk 0:04:30]} gxf4 {[%clk 0:04:49]} 13. h3 {[%clk 0:04:17]} Ne5
{[%clk 0:04:43]} 14. Qxf4 {[%clk 0:04:12]} Nh5 {[%clk 0:04:15]} 15. Qd2
{[%clk 0:03:49]} Nf4 {[%clk 0:03:36]} 16. Kb1 {[%clk 0:03:39]} Nfg6
{[%clk 0:03:37]} 17. Be2 {[%clk 0:03:15]} b5 {[%clk 0:03:27]} 18. a3
{[%clk 0:02:36]} Bb7 {[%clk 0:03:10]} 19. Be3 {[%clk 0:02:18]} Nc4
{[%clk 0:02:15]} 20. Bxc4 {[%clk 0:02:18]} Qxc4 {[%clk 0:02:16]} 21. Bxh6
{[%clk 0:02:04]} Rc8 {[%clk 0:02:10]} 22. Be3 {[%clk 0:01:48]} Ne5
{[%clk 0:01:40]} 23. Bg5 {[%clk 0:01:11]} Bxg5 {[%clk 0:01:18]} 24. Qxg5
{[%clk 0:01:13]} b4 {[%clk 0:01:13]} 25. axb4 Qxb4 {[%clk 0:01:05]} 26. Na2
{[%clk 0:00:58]} Qb6 {[%clk 0:00:58]} 27. Qf6 {[%clk 0:00:53]} Rf8
{[%clk 0:00:52]} 28. Nxe6 {[%clk 0:00:48]} Bxe4 {[%clk 0:00:39]} 29. Nxf8
{[%clk 0:00:31]} Rxc2 {[%clk 0:00:29]} 30. b4 {[%clk 0:00:05]} Rd2+ 0-1

[Event "US Cadet Championship Blitz"]
[Site "Manchester, NH"]
[Date "2017.08.17"]
[Round "7.2"]
[White "Li, Ben"]
[Black "Yip, Carissa"]
[Result "0-1"]
[BlackElo "2187"]
[WhiteElo "2305"]
[LiveChessVersion "1.4.8"]

1. d4 {[%clk 0:05:02]} g6 {[%clk 0:04:55]} 2. c4 {[%clk 0:04:57]} Bg7
{[%clk 0:04:55]} 3. e4 {[%clk 0:04:51]} d6 {[%clk 0:04:56]} 4. Nc3
{[%clk 0:04:51]} Nd7 {[%clk 0:04:56]} 5. Nf3 {[%clk 0:04:47]} e5 {[%clk 0:04:56]}
6. Be2 {[%clk 0:04:48]} Ne7 {[%clk 0:04:57]} 7. h4 c6 {[%clk 0:04:39]} 8. dxe5
{[%clk 0:04:48]} dxe5 {[%clk 0:04:40]} 9. h5 {[%clk 0:04:42]} Qc7
{[%clk 0:04:39]} 10. Be3 {[%clk 0:04:29]} a6 {[%clk 0:04:09]} 11. c5
{[%clk 0:03:52]} f5 {[%clk 0:04:08]} 12. hxg6 {[%clk 0:03:46]} hxg6
{[%clk 0:04:09]} 13. Rxh8+ {[%clk 0:03:47]} Bxh8 {[%clk 0:04:09]} 14. exf5
{[%clk 0:03:48]} gxf5 {[%clk 0:04:01]} 15. Ng5 {[%clk 0:03:45]} Nf6
{[%clk 0:03:20]} 16. Qb3 {[%clk 0:03:17]} Ned5 17. Bd2 {[%clk 0:02:48]} Bd7
{[%clk 0:03:10]} 18. O-O-O {[%clk 0:02:28]} O-O-O {[%clk 0:03:03]} 19. Nf7
{[%clk 0:02:28]} Rf8 {[%clk 0:03:04]} 20. Nd6+ {[%clk 0:02:27]} Kb8
{[%clk 0:03:05]} 21. Nxd5 {[%clk 0:02:24]} cxd5 {[%clk 0:03:02]} 22. Kb1
{[%clk 0:02:18]} Ka8 {[%clk 0:02:42]} 23. Rc1 {[%clk 0:02:15]} Bc6
{[%clk 0:02:42]} 24. a4 {[%clk 0:02:07]} Ne8 {[%clk 0:02:26]} 25. Nb5 Qd8 26. Rh1
{[%clk 0:01:22]} Kb8 {[%clk 0:01:42]} 27. Rh7 {[%clk 0:01:17]} Nf6
{[%clk 0:01:31]} 28. Bg5 {[%clk 0:00:58]} Qa5 {[%clk 0:01:15]} 29. Nd6
{[%clk 0:00:50]} Nxh7 {[%clk 0:01:08]} 30. Be7 {[%clk 0:00:39]} Qe1+
{[%clk 0:01:03]} 31. Ka2 {[%clk 0:00:40]} Qxe2 {[%clk 0:00:59]} 32. Bxf8
{[%clk 0:00:40]} Nxf8 {[%clk 0:01:00]} 33. Qh3 {[%clk 0:00:41]} Bg7
{[%clk 0:00:27]} 34. Qxf5 {[%clk 0:00:35]} e4 {[%clk 0:00:25]} 0-1

[Event "US Cadet Championship Blitz"]
[Site "Manchester, NH"]
[Date "2017.08.17"]
[Round "7.3"]
[White "Kim, Yoon-Young"]
[Black "Shen, Christopher"]
[Result "1-0"]
[BlackElo "2167"]
[WhiteElo "2293"]
[LiveChessVersion "1.4.8"]

1. Nf3 {[%clk 0:05:03]} Nf6 {[%clk 0:05:03]} 2. c4 {[%clk 0:05:04]} g6
{[%clk 0:05:04]} 3. Nc3 {[%clk 0:05:06]} Bg7 {[%clk 0:05:05]} 4. d4
{[%clk 0:05:01]} O-O {[%clk 0:05:05]} 5. Bf4 {[%clk 0:04:54]} Nh5
{[%clk 0:04:58]} 6. Bg5 {[%clk 0:04:50]} h6 {[%clk 0:04:56]} 7. Bh4
{[%clk 0:04:42]} d6 {[%clk 0:04:54]} 8. e3 {[%clk 0:04:43]} Nd7 {[%clk 0:04:52]}
9. Qc2 {[%clk 0:04:42]} c5 {[%clk 0:04:47]} 10. d5 {[%clk 0:04:38]} Rb8
{[%clk 0:04:36]} 11. Be2 {[%clk 0:04:38]} a6 {[%clk 0:04:35]} 12. a4
{[%clk 0:04:39]} Nhf6 {[%clk 0:04:30]} 13. O-O {[%clk 0:04:37]} Ng4
{[%clk 0:04:18]} 14. Nd2 {[%clk 0:04:27]} Ngf6 {[%clk 0:04:04]} 15. h3
{[%clk 0:04:24]} Ne5 {[%clk 0:03:53]} 16. f4 {[%clk 0:04:19]} Ned7
{[%clk 0:03:54]} 17. e4 {[%clk 0:04:20]} Qc7 {[%clk 0:03:44]} 18. Bd3
{[%clk 0:04:05]} Re8 {[%clk 0:03:39]} 19. Rae1 {[%clk 0:03:58]} Nh5
{[%clk 0:03:29]} 20. g3 {[%clk 0:02:57]} g5 {[%clk 0:03:12]} 21. fxg5
{[%clk 0:02:57]} hxg5 {[%clk 0:03:12]} 22. Bxg5 {[%clk 0:02:45]} Nxg3
{[%clk 0:03:13]} 23. Rf3 {[%clk 0:02:45]} Nh5 {[%clk 0:03:11]} 24. e5
{[%clk 0:02:26]} Nxe5 {[%clk 0:03:06]} 25. Bh7+ {[%clk 0:02:27]} Kh8
{[%clk 0:03:01]} 26. Rxe5 {[%clk 0:02:15]} Bxe5 {[%clk 0:02:58]} 27. Rxf7
{[%clk 0:02:16]} Rd8 {[%clk 0:02:37]} 28. Qg6 {[%clk 0:01:45]} Bd4+
{[%clk 0:02:01]} 29. Kh1 {[%clk 0:01:05]} Qd7 {[%clk 0:01:32]} 30. Qxh5
{[%clk 0:00:45]} Qxh3+ {[%clk 0:01:33]} 31. Qxh3 {[%clk 0:00:45]} Bxh3
{[%clk 0:01:34]} 32. Bxe7 {[%clk 0:00:40]} Re8 {[%clk 0:01:17]} 33. Nde4
{[%clk 0:00:32]} Bg4 {[%clk 0:01:08]} 34. Bg6 {[%clk 0:00:08]} Bg7
{[%clk 0:00:59]} 35. Ng5 {[%clk 0:00:07]} Rbc8 {[%clk 0:00:40]} 36. Nce4
{[%clk 0:00:04]} Rc7 {[%clk 0:00:39]} 37. Rxg7 {[%clk 0:00:04]} Rcxe7
{[%clk 0:00:24]} 38. Rxe7 {[%clk 0:00:06]} Rxe7 {[%clk 0:00:25]} 39. Nxd6
{[%clk 0:00:07]} Re1+ {[%clk 0:00:21]} 40. Kg2 {[%clk 0:00:08]} Re2+ 41. Kg3 Bd7
{[%clk 0:00:23]} 42. Ngf7+ {[%clk 0:00:09]} Kg7 {[%clk 0:00:24]} 43. Bd3
{[%clk 0:00:08]} Re3+ {[%clk 0:00:25]} 44. Kf4 Rxd3 45. Ne5 Rd4+ 46. Ke3
{[%clk 0:00:11]} Bh3 {[%clk 0:00:24]} 47. Nxb7 {[%clk 0:00:11]} Rxc4
{[%clk 0:00:22]} 48. Nxc4 Kf6 49. Nxc5 {[%clk 0:00:12]} Bf1 {[%clk 0:00:24]} 50.
Kd4 {[%clk 0:00:13]} Ke7 {[%clk 0:00:25]} 51. Ne5 {[%clk 0:00:14]} Bh3
{[%clk 0:00:24]} 52. Nxa6 {[%clk 0:00:15]} Kd6 {[%clk 0:00:24]} 53. Nc5
{[%clk 0:00:16]} Bg2 {[%clk 0:00:25]} 54. a5 {[%clk 0:00:17]} Bxd5
{[%clk 0:00:25]} 55. b4 {[%clk 0:00:19]} Ba8 {[%clk 0:00:26]} 56. Nc4+
{[%clk 0:00:20]} Kc7 {[%clk 0:00:27]} 57. Nb6 {[%clk 0:00:20]} Bg2
{[%clk 0:00:28]} 58. Nd5+ {[%clk 0:00:21]} Kd6 {[%clk 0:00:29]} 59. a6
{[%clk 0:00:22]} Bxd5 {[%clk 0:00:29]} 60. Na4 {[%clk 0:00:16]} Bc6
{[%clk 0:00:27]} 61. Nc3 {[%clk 0:00:14]} Kc7 {[%clk 0:00:25]} 62. Kc5
{[%clk 0:00:15]} Bh1 {[%clk 0:00:23]} 63. b5 {[%clk 0:00:17]} Bg2
{[%clk 0:00:23]} 64. b6+ {[%clk 0:00:17]} Kb8 {[%clk 0:00:23]} 65. Kd6
{[%clk 0:00:18]} Bf3 {[%clk 0:00:21]} 66. Nb5 {[%clk 0:00:15]} Bg2
{[%clk 0:00:16]} 67. Nc7 {[%clk 0:00:15]} Bf3 {[%clk 0:00:14]} 68. a7+ Kc8 69.
a8=Q+ {[%clk 0:00:10]} Bxa8 {[%clk 0:00:15]} 70. Nxa8 {[%clk 0:00:11]} Kb7
{[%clk 0:00:16]} 71. Kc5 {[%clk 0:00:11]} Kxa8 {[%clk 0:00:08]} 72. Kc6
{[%clk 0:00:13]} Kb8 73. b7 1-0

[Event "US Cadet Championship Blitz"]
[Site "Manchester, NH"]
[Date "2017.08.17"]
[Round "7.4"]
[White "Huang, Andy"]
[Black "Niemann, Hans"]
[Result "0-1"]
[BlackElo "2254"]
[WhiteElo "2178"]
[LiveChessVersion "1.4.8"]

1. e4 {[%clk 0:05:02]} b6 {[%clk 0:05:04]} 2. d4 {[%clk 0:05:03]} Bb7
{[%clk 0:05:05]} 3. Nc3 {[%clk 0:05:03]} e6 {[%clk 0:05:07]} 4. Nf3
{[%clk 0:05:04]} Bb4 {[%clk 0:05:07]} 5. Bd3 {[%clk 0:05:04]} Nf6
{[%clk 0:05:08]} 6. Qe2 {[%clk 0:04:59]} d5 {[%clk 0:05:07]} 7. e5
{[%clk 0:04:56]} Ne4 {[%clk 0:05:06]} 8. Bd2 {[%clk 0:04:53]} Nxd2
{[%clk 0:05:05]} 9. Nxd2 {[%clk 0:04:54]} c5 {[%clk 0:05:06]} 10. Qg4
{[%clk 0:04:41]} O-O {[%clk 0:05:05]} 11. a3 {[%clk 0:04:37]} Ba5
{[%clk 0:05:03]} 12. dxc5 {[%clk 0:04:31]} bxc5 {[%clk 0:05:03]} 13. b4
{[%clk 0:04:32]} Bc7 {[%clk 0:05:03]} 14. bxc5 {[%clk 0:04:20]} Bxe5
{[%clk 0:05:03]} 15. Qh5 {[%clk 0:04:18]} f5 {[%clk 0:05:01]} 16. Rb1
{[%clk 0:04:06]} Bxc3 {[%clk 0:04:43]} 17. Rxb7 {[%clk 0:04:07]} Nc6
{[%clk 0:04:40]} 18. Qe2 {[%clk 0:04:03]} Nd4 {[%clk 0:04:41]} 19. Qe3
{[%clk 0:03:56]} f4 {[%clk 0:04:39]} 20. Qh3 {[%clk 0:03:55]} h6 {[%clk 0:04:33]}
21. Qg4 {[%clk 0:03:35]} Qf6 {[%clk 0:04:31]} 22. Kd1 {[%clk 0:03:22]} Rab8
{[%clk 0:04:24]} 23. Rxa7 {[%clk 0:03:16]} Rb2 {[%clk 0:04:13]} 24. c6
{[%clk 0:02:47]} Rfb8 {[%clk 0:03:59]} 25. Rb7 {[%clk 0:02:40]} Nxc6
{[%clk 0:03:58]} 26. Rxb8+ {[%clk 0:02:37]} Rxb8 {[%clk 0:03:58]} 27. Nb3
{[%clk 0:02:32]} Ne5 {[%clk 0:03:48]} 28. Qe2 {[%clk 0:02:25]} Ra8
{[%clk 0:03:49]} 29. Ba6 {[%clk 0:02:08]} Qe7 {[%clk 0:03:39]} 30. a4
{[%clk 0:01:37]} Qa3 {[%clk 0:03:36]} 31. Bb5 {[%clk 0:01:35]} Qb2
{[%clk 0:03:35]} 32. h4 {[%clk 0:01:23]} Qb1+ {[%clk 0:03:30]} 33. Nc1
{[%clk 0:01:23]} Bb2 {[%clk 0:03:28]} 34. Qd2 {[%clk 0:01:00]} Rc8
{[%clk 0:03:27]} 35. Rh3 {[%clk 0:00:46]} f3 {[%clk 0:03:23]} 36. gxf3
{[%clk 0:00:43]} Bc3 {[%clk 0:03:15]} 37. Qe3 {[%clk 0:00:41]} Bd4
{[%clk 0:03:05]} 38. Qd2 {[%clk 0:00:30]} Bc3 {[%clk 0:02:53]} 39. Qe3
{[%clk 0:00:31]} Kh8 {[%clk 0:02:35]} 40. f4 {[%clk 0:00:25]} Ng4
{[%clk 0:02:34]} 41. Qf3 {[%clk 0:00:24]} Bb2 {[%clk 0:02:35]} 42. Qxg4
{[%clk 0:00:24]} Qxc1+ {[%clk 0:02:35]} 43. Ke2 {[%clk 0:00:25]} Rxc2+
{[%clk 0:02:19]} 44. Kf3 {[%clk 0:00:21]} Qd1+ {[%clk 0:02:19]} 45. Kg3
{[%clk 0:00:21]} Rc3+ {[%clk 0:02:20]} 46. f3 {[%clk 0:00:21]} Qg1#
{[%clk 0:02:21]} 0-1

[Event "US Cadet Championship Blitz"]
[Site "Manchester, NH"]
[Date "2017.08.17"]
[Round "7.5"]
[White "Titus, Andrew"]
[Black "Nguyen, Emily"]
[Result "1-0"]
[BlackElo "2110"]
[WhiteElo "2131"]
[LiveChessVersion "1.4.8"]

1. e4 {[%clk 0:05:03]} c5 {[%clk 0:05:03]} 2. Nf3 {[%clk 0:05:04]} e6
{[%clk 0:05:04]} 3. d4 {[%clk 0:05:05]} cxd4 {[%clk 0:05:05]} 4. Nxd4
{[%clk 0:05:07]} Nf6 {[%clk 0:05:06]} 5. Nc3 {[%clk 0:05:01]} d6 {[%clk 0:05:01]}
6. g4 {[%clk 0:04:43]} h6 {[%clk 0:05:01]} 7. h3 {[%clk 0:04:44]} Nc6
{[%clk 0:04:54]} 8. Bg2 {[%clk 0:04:36]} d5 {[%clk 0:03:54]} 9. exd5
{[%clk 0:04:34]} Nxd5 {[%clk 0:03:48]} 10. Nxd5 {[%clk 0:04:25]} exd5
{[%clk 0:03:48]} 11. O-O {[%clk 0:04:08]} Be7 {[%clk 0:03:48]} 12. Nxc6
{[%clk 0:03:54]} bxc6 {[%clk 0:03:48]} 13. c4 {[%clk 0:03:55]} Bb7
{[%clk 0:03:31]} 14. Qb3 {[%clk 0:02:59]} Qd7 {[%clk 0:03:28]} 15. cxd5
{[%clk 0:02:59]} cxd5 {[%clk 0:03:28]} 16. Rd1 {[%clk 0:02:58]} Rd8
{[%clk 0:03:27]} 17. Be3 {[%clk 0:02:47]} Ba8 {[%clk 0:02:58]} 18. Rd2
{[%clk 0:02:35]} O-O {[%clk 0:02:51]} 19. Rad1 {[%clk 0:02:35]} Rb8
{[%clk 0:02:41]} 20. Qd3 {[%clk 0:02:25]} Bf6 {[%clk 0:02:35]} 21. b3
{[%clk 0:02:20]} Rfd8 {[%clk 0:02:00]} 22. Bxd5 {[%clk 0:02:15]} Qe7
{[%clk 0:01:50]} 23. Qe2 {[%clk 0:02:00]} Bxd5 {[%clk 0:01:31]} 24. Rxd5
{[%clk 0:02:00]} Qe4 {[%clk 0:01:16]} 25. Rxd8+ {[%clk 0:01:33]} Rxd8
{[%clk 0:01:17]} 26. Rxd8+ {[%clk 0:01:34]} Bxd8 {[%clk 0:01:17]} 27. Qd1
{[%clk 0:01:35]} Bc7 {[%clk 0:00:33]} 28. Qd7 {[%clk 0:01:06]} Qe5
{[%clk 0:00:24]} 29. Qc8+ {[%clk 0:01:06]} Kh7 {[%clk 0:00:24]} 30. Qf5+
{[%clk 0:01:06]} Qxf5 {[%clk 0:00:24]} 31. gxf5 {[%clk 0:01:07]} a6
{[%clk 0:00:26]} 32. Kg2 {[%clk 0:01:07]} g6 {[%clk 0:00:15]} 33. fxg6+
{[%clk 0:01:07]} Kxg6 {[%clk 0:00:15]} 34. a4 {[%clk 0:01:03]} Bd6
{[%clk 0:00:14]} 35. Bd2 Kg7 {[%clk 0:00:09]} 36. b4 {[%clk 0:01:04]} h5
{[%clk 0:00:10]} 37. Kf3 {[%clk 0:01:01]} Kf6 {[%clk 0:00:10]} 38. Ke4
{[%clk 0:01:01]} Ke6 {[%clk 0:00:07]} 39. b5 {[%clk 0:01:01]} axb5
{[%clk 0:00:07]} 40. axb5 {[%clk 0:01:02]} Bc7 {[%clk 0:00:05]} 41. Be3
{[%clk 0:00:56]} f5+ {[%clk 0:00:04]} 42. Kd4 {[%clk 0:00:35]} f4
{[%clk 0:00:04]} 43. Bd2 {[%clk 0:00:34]} Bb6+ {[%clk 0:00:03]} 44. Ke4
{[%clk 0:00:34]} Bxf2 {[%clk 0:00:03]} 45. Bxf4 {[%clk 0:00:35]} Bb6
{[%clk 0:00:04]} 46. Be3 {[%clk 0:00:35]} Bc7 {[%clk 0:00:00]} 1-0

[Event "US Cadet Championship Blitz"]
[Site "Manchester, NH"]
[Date "2017.08.17"]
[Round "9.1"]
[White "Li, Ben"]
[Black "Lu, Albert"]
[Result "1-0"]
[BlackElo "2323"]
[WhiteElo "2305"]
[LiveChessVersion "1.4.8"]

1. d4 {[%clk 0:05:03]} d5 {[%clk 0:05:03]} 2. Nf3 {[%clk 0:05:02]} Nf6
{[%clk 0:05:04]} 3. c4 {[%clk 0:05:02]} e6 {[%clk 0:05:05]} 4. Nc3
{[%clk 0:05:03]} Be7 {[%clk 0:05:06]} 5. Bg5 {[%clk 0:05:03]} O-O
{[%clk 0:05:04]} 6. e3 {[%clk 0:05:03]} h6 {[%clk 0:05:04]} 7. Bxf6
{[%clk 0:04:40]} Bxf6 {[%clk 0:05:04]} 8. cxd5 {[%clk 0:04:39]} exd5
{[%clk 0:05:05]} 9. Qc2 {[%clk 0:04:40]} c6 {[%clk 0:04:33]} 10. Bd3
{[%clk 0:04:38]} Bg4 {[%clk 0:04:28]} 11. Nd2 {[%clk 0:04:08]} Nd7
{[%clk 0:04:12]} 12. O-O {[%clk 0:04:00]} Qe7 {[%clk 0:04:11]} 13. Rab1
{[%clk 0:03:57]} a5 14. a3 {[%clk 0:03:49]} g6 {[%clk 0:03:33]} 15. b4
{[%clk 0:03:42]} axb4 {[%clk 0:03:33]} 16. axb4 {[%clk 0:03:42]} b5
{[%clk 0:03:35]} 17. Nb3 {[%clk 0:03:21]} Nb6 {[%clk 0:03:32]} 18. Nc5
{[%clk 0:02:59]} Nc4 {[%clk 0:03:25]} 19. Ra1 {[%clk 0:02:56]} Ra7
{[%clk 0:02:49]} 20. h3 {[%clk 0:02:07]} Bc8 {[%clk 0:01:53]} 21. Rfc1
{[%clk 0:01:46]} Rxa1 {[%clk 0:01:41]} 22. Rxa1 {[%clk 0:01:47]} Nxe3
{[%clk 0:01:37]} 23. fxe3 {[%clk 0:01:40]} Qxe3+ {[%clk 0:01:37]} 24. Kh1
{[%clk 0:01:33]} Qxd4 {[%clk 0:01:35]} 25. Rc1 {[%clk 0:01:21]} Qxb4
{[%clk 0:01:31]} 26. Ne2 {[%clk 0:01:18]} Qh4 {[%clk 0:01:30]} 27. Ng1
{[%clk 0:01:11]} Be5 {[%clk 0:01:22]} 28. Nf3 {[%clk 0:01:12]} Qg3
{[%clk 0:01:20]} 29. Nxe5 {[%clk 0:01:13]} Qxe5 {[%clk 0:01:20]} 30. Rf1
{[%clk 0:01:12]} Qg5 {[%clk 0:01:06]} 31. Qf2 {[%clk 0:01:08]} Qe7
{[%clk 0:00:52]} 32. Re1 {[%clk 0:01:05]} Qd6 {[%clk 0:00:51]} 33. Qd4
{[%clk 0:01:05]} Qg3 {[%clk 0:00:47]} 34. Re3 {[%clk 0:00:43]} Qf2
{[%clk 0:00:47]} 35. Qe5 {[%clk 0:00:37]} b4 {[%clk 0:00:37]} 36. Kh2
{[%clk 0:00:33]} Qd2 {[%clk 0:00:24]} 37. Rg3 {[%clk 0:00:33]} Qc3
{[%clk 0:00:07]} 38. Qe7 {[%clk 0:00:32]} Qg7 {[%clk 0:00:06]} 39. Nb3
{[%clk 0:00:23]} h5 {[%clk 0:00:06]} 40. Qxb4 {[%clk 0:00:23]} Qe5
{[%clk 0:00:07]} 41. Qd4 {[%clk 0:00:17]} Qxd4 {[%clk 0:00:07]} 42. Nxd4
{[%clk 0:00:18]} c5 {[%clk 0:00:08]} 43. Ne2 {[%clk 0:00:16]} Bd7
{[%clk 0:00:08]} 44. Nf4 {[%clk 0:00:15]} Bc6 {[%clk 0:00:08]} 45. Nxg6
{[%clk 0:00:16]} fxg6 {[%clk 0:00:09]} 46. Rxg6+ {[%clk 0:00:17]} Kh8
{[%clk 0:00:10]} 47. Rh6+ {[%clk 0:00:18]} Kg7 {[%clk 0:00:11]} 48. Rg6+
{[%clk 0:00:19]} Kh8 {[%clk 0:00:12]} 49. Rxc6 {[%clk 0:00:20]} c4
{[%clk 0:00:13]} 50. Bg6 {[%clk 0:00:19]} h4 {[%clk 0:00:11]} 51. Rc7
{[%clk 0:00:17]} Rd8 {[%clk 0:00:11]} 52. Bf7 {[%clk 0:00:18]} d4
{[%clk 0:00:04]} 53. Rxc4 {[%clk 0:00:18]} d3 {[%clk 0:00:05]} 54. Rc1
{[%clk 0:00:19]} Kg7 {[%clk 0:00:06]} 55. Bb3 {[%clk 0:00:20]} Kf6
{[%clk 0:00:07]} 56. Rd1 {[%clk 0:00:20]} Ke5 {[%clk 0:00:08]} 57. Bc4
{[%clk 0:00:21]} Ke4 {[%clk 0:00:08]} 58. Rxd3 {[%clk 0:00:15]} Rxd3
{[%clk 0:00:09]} 59. Bxd3+ {[%clk 0:00:16]} Kxd3 {[%clk 0:00:10]} 60. g3
{[%clk 0:00:17]} hxg3+ {[%clk 0:00:09]} 61. Kxg3 {[%clk 0:00:18]} Ke4
{[%clk 0:00:10]} 62. Kg4 {[%clk 0:00:19]} Ke5 {[%clk 0:00:11]} 63. Kg5
{[%clk 0:00:21]} Ke6 {[%clk 0:00:13]} 64. Kg6 {[%clk 0:00:22]} Ke7
{[%clk 0:00:14]} 65. Kg7 {[%clk 0:00:23]} Ke6 {[%clk 0:00:14]} 66. h4
{[%clk 0:00:23]} Kf5 {[%clk 0:00:16]} 67. h5 Ke4 1-0

[Event "US Cadet Championship Blitz"]
[Site "Manchester, NH"]
[Date "2017.08.17"]
[Round "9.2"]
[White "Kim, Yoon-Young"]
[Black "Nguyen, Trung"]
[Result "1/2-1/2"]
[BlackElo "2181"]
[WhiteElo "2293"]
[LiveChessVersion "1.4.8"]

1. d4 {[%clk 0:05:03]} d6 {[%clk 0:05:04]} 2. Nf3 {[%clk 0:05:04]} g6
{[%clk 0:05:04]} 3. c4 {[%clk 0:05:05]} Bg7 {[%clk 0:05:05]} 4. Nc3
{[%clk 0:05:06]} Nd7 {[%clk 0:05:06]} 5. Bg5 {[%clk 0:05:06]} h6 {[%clk 0:05:07]}
6. Bh4 {[%clk 0:05:07]} Ngf6 {[%clk 0:04:39]} 7. e3 {[%clk 0:05:07]} g5
{[%clk 0:04:34]} 8. Bg3 {[%clk 0:05:08]} Nh5 {[%clk 0:04:35]} 9. Qc2
{[%clk 0:05:00]} c6 {[%clk 0:04:26]} 10. Be2 {[%clk 0:04:56]} a6 {[%clk 0:04:26]}
11. a3 {[%clk 0:04:48]} Rb8 {[%clk 0:04:13]} 12. Rc1 {[%clk 0:04:33]} Nf8
{[%clk 0:03:59]} 13. Nd2 {[%clk 0:04:13]} Nxg3 {[%clk 0:03:59]} 14. hxg3
{[%clk 0:04:14]} Bd7 {[%clk 0:03:23]} 15. b4 {[%clk 0:04:08]} Nh7 16. O-O O-O
{[%clk 0:02:35]} 17. Rfd1 {[%clk 0:03:51]} Qc7 {[%clk 0:02:32]} 18. Bd3
{[%clk 0:03:47]} Nf6 {[%clk 0:02:26]} 19. Bf5 {[%clk 0:03:48]} e6
{[%clk 0:02:22]} 20. Bd3 {[%clk 0:03:48]} Qd8 {[%clk 0:02:04]} 21. Nde4
{[%clk 0:03:23]} Nxe4 {[%clk 0:02:04]} 22. Nxe4 Qe7 {[%clk 0:01:48]} 23. c5
{[%clk 0:03:22]} d5 {[%clk 0:01:50]} 24. Nd6 {[%clk 0:03:23]} f5 25. f4
{[%clk 0:02:25]} Rf6 {[%clk 0:01:39]} 26. a4 {[%clk 0:02:14]} Bf8 27. b5
{[%clk 0:01:45]} axb5 {[%clk 0:01:37]} 28. axb5 Qd8 {[%clk 0:01:12]} 29. bxc6
{[%clk 0:01:36]} bxc6 {[%clk 0:01:13]} 30. Rb1 {[%clk 0:01:32]} Bxd6
{[%clk 0:01:11]} 31. cxd6 {[%clk 0:01:33]} Rf8 {[%clk 0:01:04]} 32. Qc5
{[%clk 0:01:28]} Rxb1 {[%clk 0:00:19]} 33. Rxb1 {[%clk 0:01:29]} Qa8
{[%clk 0:00:20]} 34. Qb6 {[%clk 0:01:12]} Qa3 35. Ba6 {[%clk 0:00:32]} Qxd6
{[%clk 0:00:21]} 36. Qa7 {[%clk 0:00:32]} gxf4 37. Rb7 {[%clk 0:00:22]} Rf7
{[%clk 0:00:16]} 38. gxf4 {[%clk 0:00:11]} Be8 {[%clk 0:00:13]} 39. Qa8
{[%clk 0:00:05]} Rf8 {[%clk 0:00:09]} 40. Qa7 {[%clk 0:00:05]} Bf7
{[%clk 0:00:08]} 41. Rc7 {[%clk 0:00:05]} Qa3 {[%clk 0:00:08]} 42. Qb6
{[%clk 0:00:03]} Qxe3+ {[%clk 0:00:09]} 43. Kh1 {[%clk 0:00:05]} Qe1+
{[%clk 0:00:09]} 44. Kh2 {[%clk 0:00:06]} Qh4+ {[%clk 0:00:09]} 45. Kg1
{[%clk 0:00:07]} 1/2-1/2